| 000 | 00515nam a22001937a 4500 | ||
|---|---|---|---|
| 003 | LIvingwater | ||
| 005 | 20140310182345.0 | ||
| 008 | 130313t xxu||||| |||| 00| 0 eng d | ||
| 020 | _a978-0859-10738-9 | ||
| 050 |
_aBS 535 _b.G786h12 1995 |
||
| 082 |
_aGS 220.9 _bG79 1998 |
||
| 245 | _aJonah, Job, Ecclesiastes / | ||
| 250 | _aAustralian ed. | ||
| 260 |
_bAdelaide Openbook _c1995 |
||
| 300 |
_a48 p. : _c28 cm. _bcol. ill. ; |
||
| 650 |
_aBible stories _910553 |
||
| 942 |
_2lcc _cBK-GS |
||
| 999 |
_c12213 _d12213 |
||